Science Quiz

Random Science or Biology Quiz
Score 0/25 Timer 10:00
7 Plays Today
% Correct
koala
91.7%
platypus
88.3%
red kangaroo
81.3%
short-beaked echidna
77.3%
common wombat
74.4%
Tasmanian devil
71%
Fijian monkey-faced bat
70.7%
yellow-footed rock wallaby
67.8%
sugar glider
65.9%
spectacled flying fox
57.3%
striped possum
57.1%
Goodfellow's tree kangaroo
56.4%
quokka
53.8%
% Correct
red-necked wallaby
51.4%
long-nosed bandicoot
49.8%
common brushtail possum
48.6%
greater bilby
44.5%
common spotted cuscus
43.1%
numbat
41.1%
eastern quoll
40.4%
yellow-footed antechinus
39.1%
musky rat kangaroo
35.2%
fat-tailed dunnart
28.7%
painted ringtail possum
28.5%
Tasmanian bettong
26.9%

You're not logged in!

Compare scores with friends on all Sporcle quizzes.
OR
Log In

Sporcle TV

Today on Sporcle TV


Watch our educational content, quiz creation guides, and fun videos on Sporcle TV.

Show Comments

Extras

Top Quizzes Today


Score Distribution

Paid Content

Your Account Isn't Verified!

In order to create a playlist on Sporcle, you need to verify the email address you used during registration. Go to your Sporcle Settings to finish the process.

Report this User

Report this user for behavior that violates our Community Guidelines.

Details: